Cities in a foreign language (drei) - Statistics

General Stats
  • This quiz has been taken 35 times
  • The average score is 11 of 15
Answer Stats
City Language English name % Correct
Pekin Basque Beijing
100%
Glazgas Lithuanian Glasgow
100%
Ateena Estonian Athens
96%
Niujorkas Lithuanian New York
93%
Saragoça Portuguese Zaragoza
93%
Grenade French Granada
86%
Cibuti Turkish Djibouti
82%
Stamboll Albanian Istanbul
82%
Hartum Turkish Khartoum
79%
Charkov Czech Kharkiv
75%
Anvers French Antwerp
61%
Bazilej Slovak Basel
50%
Salonka Maltese Thessaloniki
50%
's Gravenhage Dutch The Hague
46%
Aix-la-Chapelle French Aachen
43%
No matching quizzes found
Score Distribution
Percent of People with Each Score
Percentile by Number Answered
Your Score History
You have not taken this quiz